000 00433nam a2200181Ia 4500
005 20240823044802.0
008 240823s9999||||xx |||||||||||||| ||und||
041 _aENGLISH
082 _A620.00151 P7
100 _aKumaragurubaran A
245 0 _aSolid and Fluid Mechanics
250 _a1st
260 _c2007
_bRBA Publi
500 _aYES
650 _aSolid and Fluid Mechanics
_bMechanical
942 _cBK
999 _c213427
_d213427